Súčasný stav lesného hospodárstva v Slovenskej republike

Využívanie funkcií lesov. Vývoj kategorizácie lesov na Slovensku. Súčasný stav lesného hospodárstva v Slovenskej republike. Výmera a rozmiestnenie lesov.

Guardado en:
Detalles Bibliográficos
Autor principal: Némethová, Jana
Formato: Capítulo de libro
Lenguaje:eslovaco
Materias:
Etiquetas: Agregar Etiqueta
Sin Etiquetas, Sea el primero en etiquetar este registro!

MARC

LEADER 00000nla a2200000 4500
001 0178319
005 20220715084402.2
041 0 |a slo 
044 |a SK 
245 1 0 |a Súčasný stav lesného hospodárstva v Slovenskej republike  |c Jana Némethová 
520 |a Využívanie funkcií lesov. Vývoj kategorizácie lesov na Slovensku. Súčasný stav lesného hospodárstva v Slovenskej republike. Výmera a rozmiestnenie lesov. 
610 2 0 |a lesy 
610 2 0 |a Slovensko 
610 2 0 |a lesníctvo 
610 2 0 |a geografia 
100 1 |a Némethová, Jana